000 00267nam a22001217a 4500
008 180314b xxu||||| |||| 00| 0 eng d
041 _aeng
080 _a7
100 _a45
101 _aart
245 _anorman rockwell illustrtor
_cguptill.a.l
942 _2udc
_cBK
999 _c45062
_d45062